000 00958nam a2200229Ii 4500
003 JO-AjNU
008 230605s9999||||xx |||||||||||||| ||und||
017 _a2010/8580
020 _a978-977-04-6415-0
040 _aJO-AjNU
_bara
_erda
_cJO-AjNU
041 _aara
050 1 4 _aK564.2010
100 3 _a صالح ، سند حسن سالم ,
_eauthor
_932297
245 0 0 _aالتنظيم القانوني للتوقيع الإلكتروني وحجيتة في الاثبات المدني
250 _a(د،ط)
264 3 1 _aالقاهرة : دار النهضة العربية ، 2010
300 _a164ص
336 _atext
_btxt
_2rdacontent
337 _aunmediated
_bn
_2rdamedia
338 _avolume
_bnc
_2rdacarrier
650 4 _aالتوقيع الالكتروني ( اثبات ) --اثبات ( قانون ) -- التوقيع الالكتروني -- قوانين وأنظمة -- تجارة الكترونية -- قوانين وأنظمة
_932298
999 _aA13022
_c16590
_d16590